Jordan : Seventh and Final Review Under the Stand-By Arrangement and Proposal for Post-Program Monitoring.

This paper discusses Jordan's Seventh and Final Review Under the Stand-by Arrangement and Proposal for Post-program Monitoring. Jordan's program has helped the economy weather different shocks. Performance has been good in the run-up to the final review. Although growth has been affected b...

Descripció completa

Dades bibliogràfiques
Autor corporatiu: International Monetary Fund. Middle East and Central Asia Dept
Format: Revista
Idioma:English
Publicat: Washington, D.C. : International Monetary Fund, 2015.
Col·lecció:IMF Staff Country Reports; Country Report ; No. 2015/225
Accés en línia:Full text available on IMF
LEADER 01810cas a2200241 a 4500
001 AALejournalIMF015441
008 230101c9999 xx r poo 0 0eng d
020 |c 5.00 USD 
020 |z 9781513575322 
022 |a 1934-7685 
040 |a BD-DhAAL  |c BD-DhAAL 
110 2 |a International Monetary Fund.  |b Middle East and Central Asia Dept. 
245 1 0 |a Jordan :   |b Seventh and Final Review Under the Stand-By Arrangement and Proposal for Post-Program Monitoring. 
264 1 |a Washington, D.C. :  |b International Monetary Fund,  |c 2015. 
300 |a 1 online resource (57 pages) 
490 1 |a IMF Staff Country Reports 
500 |a <strong>Off-Campus Access:</strong> No User ID or Password Required 
500 |a <strong>On-Campus Access:</strong> No User ID or Password Required 
506 |a Electronic access restricted to authorized BRAC University faculty, staff and students 
520 3 |a This paper discusses Jordan's Seventh and Final Review Under the Stand-by Arrangement and Proposal for Post-program Monitoring. Jordan's program has helped the economy weather different shocks. Performance has been good in the run-up to the final review. Although growth has been affected by regional tensions, the current account deficit is narrowing, foreign reserves remain at an adequate level, and inflation is low. All end-April performance criteria were met with comfortable margins, and policies are on track to meet their 2015 targets while fiscal structural reform is moving forward. The IMF staff supports the completion of the seventh review and the related purchase. 
538 |a Mode of access: Internet 
830 0 |a IMF Staff Country Reports; Country Report ;  |v No. 2015/225 
856 4 0 |z Full text available on IMF  |u http://elibrary.imf.org/view/journals/002/2015/225/002.2015.issue-225-en.xml  |z IMF e-Library